[Event "27. Torneo San Viator 2016 - Troneo B"]
[Site "Madrid ESP"]
[Date "2016.09.25"]
[Round "1.1"]
[White "Rodriguez Nieto, Miguel"]
[Black "Rufo Yebra, Benito"]
[Result "1-0"]
[WhiteElo "1749"]
[BlackElo "1393"]
[PlyCount "109"]
[EventDate "2016.09.25"]
[EventType "swiss"]
[EventRounds "9"]
[EventCountry "ESP"]
[Source "lmi"]
[SourceDate "2016.09.25"]

1. e4 e6 2. d4 c6 3. Nf3 d5 4. e5 h6 5. Bd3 Bb4+ 6. c3 Be7 7. b4 Nd7 8. a4 a5
9. Bd2 Bg5 10. Nxg5 hxg5 11. Qg4 f5 12. exf6 Ndxf6 13. Bg6+ Kd7 14. Qxg5 b6 15.
Bf4 Ba6 16. Qe5 Kc8 17. Qxe6+ Qd7 18. Bf5 Nh6 19. Qxd7+ Nxd7 20. Bxh6 gxh6 21.
Kd1 Rf8 22. Bxd7+ Kxd7 23. f3 axb4 24. cxb4 Bc4 25. Nd2 Bd3 26. Ra3 Bg6 27. Re1
Rf4 28. Nb3 Kd6 29. a5 bxa5 30. bxa5 Bd3 31. Nc5 Bf5 32. Nb7+ Kd7 33. Nc5+ Kd6
34. Ra4 Rb8 35. Ke2 Rb2+ 36. Kf1 Rd2 37. Nb3 Bd3+ 38. Kg1 Rb2 39. Nc5 Bb5 40.
Re6+ Kc7 41. Re7+ Kd8 42. Rd7+ Ke8 43. Ra1 Rxd4 44. Re1+ Be2 45. Rh7 Rdd2 46.
a6 Kf8 47. a7 Ra2 48. Rh8+ Kg7 49. a8=Q Rxa8 50. Rxa8 d4 51. Re8 Bb5 52. R8e7+
Kg6 53. R1e6+ Kh5 54. g4+ Kg5 55. Ne4+ 1-0

[Event "27. Torneo San Viator 2016 - Troneo B"]
[Site "Madrid ESP"]
[Date "2016.09.25"]
[Round "1.2"]
[White "Jimenez Alvaro, Angel"]
[Black "Martin Rodriguez, Jose Luis"]
[Result "1-0"]
[WhiteElo "1743"]
[BlackElo "1378"]
[PlyCount "106"]
[EventDate "2016.09.25"]
[EventType "swiss"]
[EventRounds "9"]
[EventCountry "ESP"]
[Source "lmi"]
[SourceDate "2016.09.25"]

1. d4 Nf6 2. Bf4 e6 3. e3 c5 4. c3 Qb6 5. Qc2 Nc6 6. Nd2 d5 7. Ngf3 Be7 8. b3
Qd8 9. Bd3 cxd4 10. cxd4 Bd7 11. a3 Nh5 12. Be5 Nxe5 13. Nxe5 Nf6 14. O-O Bd6
15. Qd1 h5 16. h3 a6 17. Qe2 Qb6 18. f4 Bb5 19. Bxb5+ axb5 20. b4 Nd7 21. Qf3
Be7 22. Nb3 Nf6 23. Nc5 Bxc5 24. bxc5 Qd8 25. Rfb1 Ra5 26. Qf1 O-O 27. Rxb5 Ra7
28. Qb1 Qa8 29. Qb3 Ne4 30. a4 Nd2 31. Qb4 Nc4 32. Nxc4 dxc4 33. Qxc4 Rc8 34.
Qb3 Rc6 35. Rb1 Rc7 36. a5 Kh7 37. Qd3+ g6 38. Qd2 Kh6 39. d5 Rd7 40. d6 Qd8
41. Qb4 h4 42. Qe4 Qf6 43. Rxb7 Raxb7 44. Rxb7 Qa1+ 45. Kh2 f5 46. Qe5 Qxe5 47.
fxe5 Rxb7 48. c6 Rb5 49. c7 Rc5 50. d7 Rxc7 51. d8=Q Rc3 52. Qxh4+ Kg7 53. Qe7+
Kh6 1-0

[Event "27. Torneo San Viator 2016 - Troneo B"]
[Site "Madrid ESP"]
[Date "2016.09.25"]
[Round "1.3"]
[White "Jimenez Perez, Federico"]
[Black "Perez Mondejar, Adler"]
[Result "0-1"]
[WhiteElo "1377"]
[BlackElo "1734"]
[PlyCount "120"]
[EventDate "2016.09.25"]
[EventType "swiss"]
[EventRounds "9"]
[EventCountry "ESP"]
[Source "lmi"]
[SourceDate "2016.09.25"]

1. e4 c5 2. Nf3 d6 3. Bb5+ Bd7 4. Bxd7+ Qxd7 5. O-O Nc6 6. c3 Nf6 7. Re1 e6 8.
d4 cxd4 9. cxd4 Be7 10. Nc3 O-O 11. Bg5 Rfd8 12. d5 Ne5 13. Nxe5 dxe5 14. Bxf6
Bxf6 15. Qf3 a6 16. Rad1 Qd6 17. dxe6 Qxe6 18. Nd5 Rac8 19. Rd3 Be7 20. Red1 f6
21. Qf5 Qf7 22. h4 b5 23. h5 Rb8 24. Rg3 Rbc8 25. Kh2 Rc2 26. Rdd3 Rxb2 27. Rg4
Kh8 28. Rdg3 Rg8 29. Nxe7 Qxe7 30. Qg6 Rxf2 31. Qh6 Qf7 32. Qe3 Rxa2 33. Rh4 b4
34. h6 g6 35. Qb6 a5 36. Rhh3 Rc8 37. Rd3 Kg8 38. Rd8+ Rxd8 39. Qxd8+ Qf8 40.
Qb6 Ra3 41. Qe6+ Kh8 42. Qd5 Rxh3+ 43. gxh3 a4 44. Qc4 a3 45. Qb3 Qxh6 46. Qxb4
Qf4+ 47. Kg2 Kg7 48. Qxa3 Qxe4+ 49. Kg3 Qf4+ 50. Kg2 Kh6 51. Qf8+ Kg5 52. Qa3
e4 53. Qc5+ f5 54. Qe7+ Kh6 55. Qf8+ Kh5 56. Qb4 Qf3+ 57. Kh2 e3 58. Qc3 Qf2+
59. Kh1 e2 60. h4 e1=Q+ 0-1

[Event "27. Torneo San Viator 2016 - Troneo B"]
[Site "Madrid ESP"]
[Date "2016.09.25"]
[Round "1.4"]
[White "Navarro Gonzalez, Jaime"]
[Black "Lopez Nunez, Alonso"]
[Result "1-0"]
[WhiteElo "1733"]
[BlackElo "1361"]
[PlyCount "97"]
[EventDate "2016.09.25"]
[EventType "swiss"]
[EventRounds "9"]
[EventCountry "ESP"]
[Source "lmi"]
[SourceDate "2016.09.25"]

1. d4 Nf6 2. c4 e6 3. Nc3 Bb4 4. a3 Bxc3+ 5. bxc3 c5 6. Nf3 O-O 7. Bg5 b6 8. e3
d6 9. Be2 Nbd7 10. O-O Qc7 11. Qc2 Bb7 12. Nd2 d5 13. cxd5 Nxd5 14. c4 N5f6 15.
Bf3 Bxf3 16. Nxf3 Rac8 17. Rac1 cxd4 18. exd4 b5 19. c5 Nd5 20. Bh4 N7f6 21.
Bg3 Qb7 22. Rfe1 Rfd8 23. Be5 Qa6 24. Qd3 Qc6 25. Ng5 h6 26. Ne4 Nxe4 27. Rxe4
Ne7 28. h4 Nf5 29. Rg4 Rd5 30. Qd2 Kh7 31. Qf4 Rcd8 32. Bxg7 Qd7 33. Bf6 Rc8
34. Qe4 Rg8 35. Rxg8 Kxg8 36. Qg4+ Kh7 37. Qe4 Kg6 38. g4 Kxf6 39. gxf5 exf5
40. Qf4 Kg7 41. c6 Qc8 42. c7 Kg6 43. Rc6+ f6 44. Qg3+ Kf7 45. h5 Rxd4 46. Qg6+
Ke7 47. Qxf6+ Ke8 48. Re6+ Kd7 49. Qf7# 1-0

[Event "27. Torneo San Viator 2016 - Troneo B"]
[Site "Madrid ESP"]
[Date "2016.09.25"]
[Round "1.5"]
[White "Garcia Lozano, Javier"]
[Black "Franco Rincon, David"]
[Result "0-1"]
[WhiteElo "1359"]
[BlackElo "1728"]
[PlyCount "96"]
[EventDate "2016.09.25"]
[EventType "swiss"]
[EventRounds "9"]
[EventCountry "ESP"]
[Source "lmi"]
[SourceDate "2016.09.25"]

1. e4 e5 2. Nf3 Nc6 3. Bc4 Bc5 4. d3 Nf6 5. Bg5 h6 6. Bh4 d6 7. Nc3 Bg4 8. Nd5
g5 9. Bg3 Nd4 10. h3 Bxf3 11. gxf3 Nxd5 12. Bxd5 c6 13. Bc4 Qf6 14. f4 gxf4 15.
Rf1 O-O-O 16. Qg4+ Kb8 17. Bh4 Qg6 18. Bxd8 Rxd8 19. O-O-O d5 20. exd5 cxd5 21.
c3 dxc4 22. cxd4 Bxd4 23. Qxg6 fxg6 24. dxc4 Rc8 25. b3 b5 26. Rd2 bxc4 27. Rc2
c3 28. f3 g5 29. Kd1 Kb7 30. Ke2 Kc6 31. Kd3 Kd5 32. a4 a5 33. Rb1 Rb8 34. Rxc3
Bxc3 35. Kxc3 Rb4 36. Rd1+ Rd4 37. Rd3 Kc5 38. Kc2 Rxd3 39. Kxd3 Kb4 40. Kc2 h5
41. Kb2 e4 42. fxe4 f3 43. Kc2 f2 44. Kd3 f1=Q+ 45. Kd4 Qxh3 46. e5 Qxb3 47.
Ke4 Qe6 48. Kd4 Kxa4 0-1

[Event "27. Torneo San Viator 2016 - Troneo B"]
[Site "Madrid ESP"]
[Date "2016.09.25"]
[Round "1.6"]
[White "Merino Araguas, Jose Javier"]
[Black "Marinas Olaya, Marta"]
[Result "1-0"]
[WhiteElo "1718"]
[BlackElo "1359"]
[PlyCount "81"]
[EventDate "2016.09.25"]
[EventType "swiss"]
[EventRounds "9"]
[EventCountry "ESP"]
[Source "lmi"]
[SourceDate "2016.09.25"]

1. d4 d5 2. Nf3 Bf5 3. Bf4 e6 4. e3 Nf6 5. Nbd2 Be7 6. c4 c6 7. Qb3 Qb6 8. c5
Qxb3 9. Nxb3 O-O 10. Rc1 Nbd7 11. Na5 b6 12. Nxc6 Bd8 13. Nxd8 Rfxd8 14. c6 Nf8
15. c7 Rdc8 16. Ba6 Re8 17. c8=Q Raxc8 18. Rxc8 Rxc8 19. Bxc8 h6 20. O-O Ne4
21. Bb8 a5 22. Bc7 Bg4 23. Ne5 Nd2 24. Nxg4 Nxf1 25. Kxf1 Ng6 26. Bxb6 Ne7 27.
Bd7 Nf5 28. Bxa5 g5 29. b4 Nd6 30. b5 Nb7 31. Bb4 f5 32. Ne5 f4 33. a4 fxe3 34.
fxe3 Kg7 35. a5 Nxa5 36. Bxa5 Kf6 37. b6 Kf5 38. b7 Ke4 39. Ke2 Kf5 40. b8=Q
Ke4 41. Qb1# 1-0

[Event "27. Torneo San Viator 2016 - Troneo B"]
[Site "Madrid ESP"]
[Date "2016.09.25"]
[Round "1.7"]
[White "Benitez Robles, Antonio"]
[Black "Serrano Gonzalez, Oscar"]
[Result "0-1"]
[WhiteElo "1344"]
[BlackElo "1714"]
[PlyCount "54"]
[EventDate "2016.09.25"]
[EventType "swiss"]
[EventRounds "9"]
[EventCountry "ESP"]
[Source "lmi"]
[SourceDate "2016.09.25"]

1. Nf3 f5 2. g3 Nf6 3. b3 d6 4. Bg2 e5 5. d3 Be7 6. O-O O-O 7. c4 Qe8 8. Ba3
Qh5 9. e3 Nc6 10. Nbd2 f4 11. h4 fxg3 12. fxg3 Qg6 13. Qe1 Qxd3 14. e4 Ng4 15.
Qb1 Qe3+ 16. Kh1 Qh6 17. Bc1 Ne3 18. Re1 Nxg2 19. Kxg2 Qe6 20. Rh1 Qg4 21. Qd3
Bd7 22. Ba3 Rf6 23. Rh2 Raf8 24. Rah1 Nd4 25. h5 Nxf3 26. Nxf3 Rxf3 27. Qd2
Qxg3# 0-1

[Event "27. Torneo San Viator 2016 - Troneo B"]
[Site "Madrid ESP"]
[Date "2016.09.25"]
[Round "1.8"]
[White "San Felipe Gonzalez, Tomas"]
[Black "Lopez Herrero, Israel"]
[Result "1-0"]
[WhiteElo "1712"]
[BlackElo "1340"]
[PlyCount "87"]
[EventDate "2016.09.25"]
[EventType "swiss"]
[EventRounds "9"]
[EventCountry "ESP"]
[Source "lmi"]
[SourceDate "2016.09.25"]

1. d4 d5 2. c4 dxc4 3. e3 Nc6 4. Bxc4 e5 5. d5 Na5 6. Qa4+ c6 7. dxc6 Nxc6 8.
Nf3 Bd7 9. Qb3 Bb4+ 10. Bd2 Bxd2+ 11. Nbxd2 Be6 12. Bxe6 fxe6 13. Qxe6+ Qe7 14.
Qxe7+ Ngxe7 15. Nc4 Ng6 16. b3 O-O-O 17. Ke2 e4 18. Ng5 b5 19. Nd2 Nh4 20. Nf7
Rhe8 21. Nxd8 Kxd8 22. Rac1 Nb4 23. a3 Na2 24. Rc2 b4 25. Rxa2 Nxg2 26. Rg1 Nh4
27. Rxg7 Rh8 28. Rxa7 Re8 29. Ra8+ Kd7 30. axb4 Re6 31. R2a7+ Kd6 32. Ra6+ Kd5
33. Rd8+ Ke5 34. Nc4+ Kf6 35. Rxe6+ Kxe6 36. b5 Nf5 37. b6 Ne7 38. b7 Nc6 39.
Rd6+ Ke7 40. Rxc6 Kd7 41. Ne5+ Ke7 42. b8=Q h5 43. Qb7+ Kd8 44. Rc8# 1-0

[Event "27. Torneo San Viator 2016 - Troneo B"]
[Site "Madrid ESP"]
[Date "2016.09.25"]
[Round "1.9"]
[White "Jimenez Sanchez, Juan Daniel"]
[Black "Lopez Benitez, David"]
[Result "0-1"]
[WhiteElo "1339"]
[BlackElo "1679"]
[PlyCount "58"]
[EventDate "2016.09.25"]
[EventType "swiss"]
[EventRounds "9"]
[EventCountry "ESP"]
[Source "lmi"]
[SourceDate "2016.09.25"]

1. d4 Nf6 2. c4 g6 3. Nf3 Bg7 4. g3 d6 5. Bg2 O-O 6. O-O Nc6 7. Bf4 Bg4 8. Nbd2
Qc8 9. Re1 Nh5 10. Be3 f5 11. h3 Bxf3 12. Nxf3 f4 13. gxf4 Nxf4 14. Bxf4 Rxf4
15. e3 Rf7 16. Ng5 Rf8 17. c5 Qf5 18. f4 Kh8 19. Qb3 Nd8 20. Be4 Qc8 21. Bxb7
Qxb7 22. Qc2 Qc8 23. Qf2 h6 24. Ne4 Rf7 25. Qh4 Qe6 26. Ng5 Qf6 27. Nf3 Ne6 28.
Kh2 Kg8 29. Rg1 g5 0-1

[Event "27. Torneo San Viator 2016 - Troneo B"]
[Site "Madrid ESP"]
[Date "2016.09.25"]
[Round "1.10"]
[White "Sanchez Ortega, Ivan"]
[Black "Tenorio Garcia, Joel"]
[Result "1-0"]
[WhiteElo "1673"]
[BlackElo "1338"]
[PlyCount "117"]
[EventDate "2016.09.25"]
[EventType "swiss"]
[EventRounds "9"]
[EventCountry "ESP"]
[Source "lmi"]
[SourceDate "2016.09.25"]

1. d4 Nf6 2. c4 g6 3. Nc3 d5 4. cxd5 Nxd5 5. e4 Nxc3 6. bxc3 Bg7 7. Nf3 c5 8.
Bb5+ Bd7 9. Bxd7+ Nxd7 10. O-O O-O 11. Qb3 cxd4 12. cxd4 Qb6 13. Be3 Qxb3 14.
axb3 e5 15. d5 f5 16. Ng5 f4 17. Bd2 Nc5 18. Bb4 Rfc8 19. Bxc5 Rxc5 20. Rfc1
Rb5 21. Rab1 Rd8 22. Ne6 Rd7 23. Rc8+ Kf7 24. f3 h6 25. Kf2 a5 26. Rc4 Bf8 27.
Ke2 Bb4 28. Rc8 Ba3 29. Kd3 a4 30. Kc2 axb3+ 31. Rxb3 Rxb3 32. Kxb3 Bd6 33. Rh8
h5 34. Rh7+ Ke8 35. Rxd7 Kxd7 36. Kc4 Bc7 37. Nf8+ Kd6 38. Nxg6 Bb6 39. Nh4 Kd7
40. Nf5 Bg1 41. h3 Bb6 42. g3 Bd8 43. gxf4 exf4 44. e5 Bc7 45. e6+ Ke8 46. Ng7+
Ke7 47. Nxh5 Be5 48. Kb5 Bc7 49. Ng7 Kf8 50. Nf5 Ke8 51. d6 Bd8 52. e7 Bxe7 53.
dxe7 b6 54. Kxb6 Kd7 55. h4 Ke8 56. Kc6 Kf7 57. Kd7 Kf6 58. Nd6 Kg7 59. e8=Q
1-0

[Event "27. Torneo San Viator 2016 - Troneo B"]
[Site "Madrid ESP"]
[Date "2016.09.25"]
[Round "1.11"]
[White "Horcajuelo Rocamora, Martin"]
[Black "Marcelo De La Mata, Daniel"]
[Result "0-1"]
[WhiteElo "1326"]
[BlackElo "1661"]
[PlyCount "56"]
[EventDate "2016.09.25"]
[EventType "swiss"]
[EventRounds "9"]
[EventCountry "ESP"]
[Source "lmi"]
[SourceDate "2016.09.25"]

1. e4 c6 2. d4 d5 3. exd5 cxd5 4. Bf4 Nf6 5. Bd3 Nc6 6. Ne2 Bg4 7. f3 Bh5 8. c3
e6 9. Bb5 Rc8 10. Ng3 Bg6 11. O-O Bd6 12. Ne2 Qc7 13. Bg3 Bxg3 14. Nxg3 O-O 15.
Nd2 Qb6 16. Be2 Qxb2 17. Qc1 Qxc1 18. Raxc1 Rc7 19. f4 Rfc8 20. Rf3 Nxd4 21.
Re3 Nxe2+ 22. Nxe2 a6 23. Nd4 h6 24. Kf2 Ng4+ 25. Kf3 Nxe3 26. Kxe3 Rxc3+ 27.
Rxc3 Rxc3+ 28. Kf2 Ra3 0-1

[Event "27. Torneo San Viator 2016 - Troneo B"]
[Site "Madrid ESP"]
[Date "2016.09.25"]
[Round "1.12"]
[White "Fernandez Estremera, Fernando"]
[Black "Carnero Barbulo, Daniel"]
[Result "1-0"]
[WhiteElo "1652"]
[BlackElo "1325"]
[PlyCount "65"]
[EventDate "2016.09.25"]
[EventType "swiss"]
[EventRounds "9"]
[EventCountry "ESP"]
[Source "lmi"]
[SourceDate "2016.09.25"]

1. d4 Nf6 2. c4 g6 3. Nc3 Bg7 4. e4 d6 5. Nf3 O-O 6. Be2 e5 7. O-O Nc6 8. d5
Ne7 9. b4 b6 10. Qc2 c5 11. dxc6 Nxc6 12. Ba3 Bg4 13. Qd3 a6 14. b5 Nd4 15.
Nxd4 Bxe2 16. Ndxe2 axb5 17. Nxb5 Ne8 18. Rfd1 f5 19. Nxd6 Nxd6 20. Bxd6 fxe4
21. Qxe4 Rf7 22. Bxe5 Qf8 23. Bxg7 Kxg7 24. f3 Re8 25. Qd4+ Kg8 26. Ng3 Rf4 27.
Qd5+ Kg7 28. Rab1 Rd8 29. Qxd8 Qc5+ 30. Kh1 Kh6 31. Rb5 Qxc4 32. Qg5+ Kg7 33.
Nh5+ 1-0

[Event "27. Torneo San Viator 2016 - Troneo B"]
[Site "Madrid ESP"]
[Date "2016.09.25"]
[Round "1.13"]
[White "Blanco Martin, Oscar"]
[Black "Bellagamba, Pascal"]
[Result "0-1"]
[WhiteElo "1315"]
[BlackElo "1649"]
[PlyCount "74"]
[EventDate "2016.09.25"]
[EventType "swiss"]
[EventRounds "9"]
[EventCountry "ESP"]
[Source "lmi"]
[SourceDate "2016.09.25"]

1. e4 g6 2. d4 Bg7 3. Nc3 d6 4. Nf3 Nd7 5. Bc4 Ngf6 6. O-O c6 7. Re1 O-O 8. h3
e5 9. a3 a6 10. dxe5 dxe5 11. Bg5 h6 12. Bh4 g5 13. Bg3 Nh5 14. Bh2 Nf4 15.
Bxf4 gxf4 16. Qd2 Qf6 17. Rad1 Nb6 18. Bb3 Nd7 19. Qd6 Qd8 20. Re2 Re8 21. Red2
Bf8 22. Qd3 Qf6 23. Qe2 Nc5 24. Ba2 Be7 25. Nh2 Qg7 26. Kh1 Ne6 27. Bxe6 Bxe6
28. f3 h5 29. Qf2 Kh7 30. Rg1 Rg8 31. Rdd1 Qf8 32. Rge1 Bc5 33. Qh4 Qh6 34. Nf1
Rg6 35. Na4 Bd4 36. Nc3 Rag8 37. Re2 Qg7 0-1

[Event "27. Torneo San Viator 2016 - Troneo B"]
[Site "Madrid ESP"]
[Date "2016.09.25"]
[Round "1.14"]
[White "Tudela Garcia, Antonio"]
[Black "Garcia Pumarega, Alejandro"]
[Result "1-0"]
[WhiteElo "1648"]
[BlackElo "1315"]
[PlyCount "35"]
[EventDate "2016.09.25"]
[EventType "swiss"]
[EventRounds "9"]
[EventCountry "ESP"]
[Source "lmi"]
[SourceDate "2016.09.25"]

1. e4 c5 2. Nc3 d6 3. d4 cxd4 4. Qxd4 Nc6 5. Bb5 Bd7 6. Bxc6 Bxc6 7. Nge2 Nf6
8. O-O e5 9. Qd3 Be7 10. Ng3 g6 11. Nd5 Bxd5 12. exd5 Bf8 13. f4 Qb6+ 14. Be3
Qxb2 15. Rfb1 Qxa1 16. Rxa1 Bg7 17. Qb5+ Nd7 18. Re1 1-0

[Event "27. Torneo San Viator 2016 - Troneo B"]
[Site "Madrid ESP"]
[Date "2016.09.25"]
[Round "1.15"]
[White "Gomez Logrosan, Cristian"]
[Black "Benitez Cadenas, Luis Miguel"]
[Result "1-0"]
[WhiteElo "1309"]
[BlackElo "1645"]
[PlyCount "49"]
[EventDate "2016.09.25"]
[EventType "swiss"]
[EventRounds "9"]
[EventCountry "ESP"]
[Source "lmi"]
[SourceDate "2016.09.25"]

1. e4 b6 2. Nf3 Bb7 3. Nc3 e6 4. g3 Nf6 5. d3 Nc6 6. Bg2 d5 7. exd5 Nxd5 8.
Nxd5 Qxd5 9. O-O O-O-O 10. Bf4 Qb5 11. Ng5 Rd7 12. b3 h6 13. a4 Qf5 14. Ne4 g5
15. Bd2 Qg6 16. a5 f5 17. axb6 cxb6 18. Nc3 Bb4 19. Nb5 Bxd2 20. Qxd2 Rhh7 21.
Qc3 Kb8 22. Bxc6 Bxc6 23. Qxc6 Qf6 24. Rfe1 a6 25. Rxe6 1-0

[Event "27. Torneo San Viator 2016 - Troneo B"]
[Site "Madrid ESP"]
[Date "2016.09.25"]
[Round "1.16"]
[White "Mateos Cordero, Francisco"]
[Black "Del Noval Nemeshazi, Mario"]
[Result "1-0"]
[WhiteElo "1637"]
[BlackElo "1304"]
[PlyCount "69"]
[EventDate "2016.09.25"]
[EventType "swiss"]
[EventRounds "9"]
[EventCountry "ESP"]
[Source "lmi"]
[SourceDate "2016.09.25"]

1. d4 Nf6 2. Nf3 g6 3. c4 Bg7 4. Bf4 O-O 5. Nc3 d6 6. h3 Nbd7 7. e3 Re8 8. Bh2
e5 9. dxe5 Nxe5 10. Nxe5 dxe5 11. Qxd8 Rxd8 12. Bxe5 c6 13. Be2 Be6 14. Bd4 b6
15. b3 Nd7 16. Bxg7 Kxg7 17. O-O Bf5 18. e4 Be6 19. f4 f5 20. Rad1 Nc5 21. e5
a6 22. Rxd8 Rxd8 23. Rd1 Rxd1+ 24. Nxd1 b5 25. Nb2 Ne4 26. Bf3 c5 27. Bxe4 fxe4
28. Kf2 h6 29. Ke3 Bd7 30. h4 Kf7 31. a4 Ke7 32. cxb5 axb5 33. axb5 Bxb5 34.
Nc4 Ke6 35. Nd6 1-0

[Event "27. Torneo San Viator 2016 - Troneo B"]
[Site "Madrid ESP"]
[Date "2016.09.25"]
[Round "1.17"]
[White "Diaz Del Prado, Carlos"]
[Black "Casado Salvo, Jose Maria"]
[Result "0-1"]
[WhiteElo "1303"]
[BlackElo "1629"]
[PlyCount "54"]
[EventDate "2016.09.25"]
[EventType "swiss"]
[EventRounds "9"]
[EventCountry "ESP"]
[Source "lmi"]
[SourceDate "2016.09.25"]

1. b3 f5 2. Bb2 Nf6 3. Nf3 e6 4. e3 Be7 5. d4 d5 6. Nc3 O-O 7. Bd3 Nc6 8. Qe2
Nb4 9. Ne5 Nd7 10. a3 Nxe5 11. axb4 Nxd3+ 12. Qxd3 Bxb4 13. O-O b6 14. Ba3 Bxa3
15. Rxa3 a5 16. Rfa1 Ba6 17. Qd2 Qd6 18. Ne2 Rf6 19. Nf4 Bb5 20. Nd3 Bxd3 21.
Qxd3 Raf8 22. g3 Rc8 23. Ra4 c5 24. c4 Rff8 25. Rc1 Rfd8 26. cxd5 Qxd5 27. Rcc4
b5 0-1

[Event "27. Torneo San Viator 2016 - Troneo B"]
[Site "Madrid ESP"]
[Date "2016.09.25"]
[Round "1.19"]
[White "Mora Gonzalez-Rojas, Francisco"]
[Black "Mora Marin, Guillermo"]
[Result "1/2-1/2"]
[WhiteElo "1283"]
[BlackElo "1620"]
[PlyCount "77"]
[EventDate "2016.09.25"]
[EventType "swiss"]
[EventRounds "9"]
[EventCountry "ESP"]
[Source "lmi"]
[SourceDate "2016.09.25"]

1. e4 e6 2. Nf3 b6 3. Bc4 Bb7 4. d3 d5 5. exd5 exd5 6. Qe2+ Qe7 7. Qxe7+ Bxe7
8. Bb3 Nf6 9. h3 Nbd7 10. a3 Nc5 11. Ba2 Ne6 12. O-O O-O 13. Be3 c5 14. d4 c4
15. Nc3 a6 16. b4 b5 17. Rfe1 Bd6 18. Ng5 Rfe8 19. Nxe6 Rxe6 20. Re2 Rae8 21.
Rae1 h6 22. f4 Nh5 23. f5 R6e7 24. Bf2 Nf4 25. Rxe7 Rxe7 26. Rxe7 Bxe7 27. Kh2
Bf6 28. Be3 Bg5 29. g3 Ne6 30. Bxg5 Nxg5 31. Ne2 Ne4 32. c3 Nd2 33. Kg2 Kf8 34.
Kf2 Ke7 35. Ke3 Ne4 36. Kf4 Kf6 37. g4 Nd2 38. Ke3 Ne4 39. Bb1 1/2-1/2

[Event "27. Torneo San Viator 2016 - Troneo B"]
[Site "Madrid ESP"]
[Date "2016.09.25"]
[Round "1.20"]
[White "Fernandez Garcia, Emilio"]
[Black "Arevalo Estriegana, Jorge"]
[Result "1-0"]
[WhiteElo "1614"]
[BlackElo "1273"]
[PlyCount "101"]
[EventDate "2016.09.25"]
[EventType "swiss"]
[EventRounds "9"]
[EventCountry "ESP"]
[Source "lmi"]
[SourceDate "2016.09.25"]

1. Nf3 d5 2. d4 Nf6 3. c4 e6 4. Nc3 Be7 5. Bf4 O-O 6. e3 Nbd7 7. cxd5 exd5 8.
Bd3 Re8 9. O-O Bb4 10. Nb5 Ba5 11. b4 Bb6 12. Qc2 c6 13. Nd6 Rf8 14. Nf5 Bc7
15. Rfe1 Nb6 16. Bxc7 Qxc7 17. Ng3 Be6 18. Ne5 Nbd7 19. f4 h6 20. f5 Nxe5 21.
dxe5 Qxe5 22. fxe6 Qxe6 23. Rad1 Qd6 24. a3 a5 25. Qc5 Qxc5 26. bxc5 a4 27. Rb1
Rfb8 28. Nf5 Ra5 29. Rec1 Nd7 30. Ne7+ Kf8 31. Nf5 Nxc5 32. Be2 Nb3 33. Rc2 h5
34. Nd4 Nxd4 35. exd4 g6 36. Rxc6 Raa8 37. Rd6 Ra5 38. Rd7 Re8 39. Bf1 Re3 40.
Rdxb7 Rxa3 41. R7b5 Ra7 42. Rxd5 Rc3 43. Rc5 Re3 44. Kf2 Re6 45. Bc4 Rf6+ 46.
Kg1 a3 47. g3 Rd6 48. d5 Ke7 49. Re1+ Kf6 50. Ba2 Rb6 51. Rc6+ 1-0

[Event "27. Torneo San Viator 2016 - Troneo B"]
[Site "Madrid ESP"]
[Date "2016.09.25"]
[Round "1.22"]
[White "Estevez Sacristan, Deva"]
[Black "Periotto Miori, Lautaro"]
[Result "1-0"]
[WhiteElo "1600"]
[BlackElo "1237"]
[PlyCount "101"]
[EventDate "2016.09.25"]
[EventType "swiss"]
[EventRounds "9"]
[EventCountry "ESP"]
[Source "lmi"]
[SourceDate "2016.09.25"]

1. e4 e5 2. Nf3 Nc6 3. d4 exd4 4. Nxd4 Qf6 5. Be3 Bc5 6. c3 Bb6 7. Bc4 Nge7 8.
O-O O-O 9. Na3 Ne5 10. Be2 d5 11. f4 N5c6 12. e5 Qh6 13. Rf3 Nxd4 14. Bxd4 c5
15. Be3 Nf5 16. Nc2 Nxe3 17. Nxe3 c4 18. Qd2 Bg4 19. Rf2 Be6 20. Kh1 Rad8 21.
Rf3 f5 22. Nf1 d4 23. Rh3 dxc3 24. Rxh6 cxd2 25. Rxe6 Bc5 26. Bxc4 Kh8 27. Rd1
Rd4 28. Be2 Rfd8 29. Rxd2 Rxd2 30. Nxd2 g6 31. Nf3 Kg7 32. h4 h5 33. a3 Rc8 34.
Bb5 a6 35. Be8 Be3 36. g3 Rc1+ 37. Kg2 Rc2+ 38. Kf1 Rf2+ 39. Ke1 Rxf3 40. Rxg6+
Kf8 41. Bd7 Bf2+ 42. Ke2 Rxg3 43. Rf6+ Ke7 44. Kxf2 Rg4 45. Bxf5 Rxf4+ 46. Kg3
Ra4 47. Rb6 Ra5 48. Rxb7+ Kf8 49. Kf4 Rc5 50. e6 Rd5 51. e7+ 1-0

[Event "27. Torneo San Viator 2016 - Troneo B"]
[Site "Madrid ESP"]
[Date "2016.09.25"]
[Round "1.23"]
[White "Reyero Castro, Jorge"]
[Black "Del Rio Perezagua, Mario"]
[Result "0-1"]
[WhiteElo "1206"]
[BlackElo "1600"]
[PlyCount "76"]
[EventDate "2016.09.25"]
[EventType "swiss"]
[EventRounds "9"]
[EventCountry "ESP"]
[Source "lmi"]
[SourceDate "2016.09.25"]

1. e4 c5 2. Nc3 d6 3. f4 g6 4. Nf3 Bg7 5. Bc4 e6 6. O-O Ne7 7. Bb5+ Nbc6 8.
Bxc6+ Nxc6 9. d3 O-O 10. Qe1 Nd4 11. Nxd4 cxd4 12. Ne2 Bd7 13. Ng3 Rc8 14. Qe2
Rc6 15. e5 dxe5 16. fxe5 Qc7 17. Qe4 Qxe5 18. Qxe5 Bxe5 19. Bh6 Rfc8 20. Ne4 f5
21. Ng5 Bg7 22. Bxg7 Kxg7 23. Rac1 Rxc2 24. Rxc2 Rxc2 25. Nf3 Rxb2 26. Rc1 Bc6
27. Ne5 Rxg2+ 28. Kf1 Rxa2 29. Nxc6 bxc6 30. Rxc6 Kf6 31. Rc7 h5 32. Rd7 e5 33.
Rd6+ Kg5 34. Re6 a5 35. Rxe5 a4 36. Re1 a3 37. h3 Rb2 38. Ra1 a2 0-1

[Event "27. Torneo San Viator 2016 - Troneo B"]
[Site "Madrid ESP"]
[Date "2016.09.25"]
[Round "1.24"]
[White "Ghavami, Mahmoud"]
[Black "Perez Ramos, Miguel Angel"]
[Result "1-0"]
[WhiteElo "1592"]
[BlackElo "1193"]
[PlyCount "91"]
[EventDate "2016.09.25"]
[EventType "swiss"]
[EventRounds "9"]
[EventCountry "ESP"]
[Source "lmi"]
[SourceDate "2016.09.25"]

1. d4 c6 2. Bf4 e6 3. Nf3 d5 4. e3 Nd7 5. Bd3 Be7 6. Nbd2 Ngf6 7. Bg3 a6 8. Ne5
Nxe5 9. dxe5 Ne4 10. Bxe4 dxe4 11. Nxe4 Qxd1+ 12. Rxd1 O-O 13. O-O b5 14. Rd3
a5 15. Rfd1 Ba6 16. h3 b4 17. Rd7 Bd8 18. Nd6 c5 19. f4 c4 20. Bf2 a4 21. Nxf7
Rxf7 22. Rxd8+ Rf8 23. Rxf8+ Rxf8 24. c3 Rb8 25. Rd2 Kf7 26. e4 Bb7 27. cxb4
Bxe4 28. Bc5 Bd5 29. a3 g6 30. Kf2 h6 31. g4 Rb7 32. Kg3 Rb8 33. Rf2 Bc6 34. f5
g5 35. fxe6+ Kxe6 36. Rf6+ Kd7 37. e6+ Kc7 38. Rf7+ Kc8 39. Rf8+ Kb7 40. Rxb8+
Kxb8 41. Bf8 Kc8 42. Bxh6 Kd8 43. Bxg5+ Ke8 44. e7 c3 45. bxc3 Bb5 46. Kf4 1-0

[Event "27. Torneo San Viator 2016 - Troneo B"]
[Site "Madrid ESP"]
[Date "2016.09.25"]
[Round "1.25"]
[White "Lozano Serrano, Nuria"]
[Black "Corral Sanchez, Jesus"]
[Result "0-1"]
[WhiteElo "1188"]
[BlackElo "1581"]
[PlyCount "67"]
[EventDate "2016.09.25"]
[EventType "swiss"]
[EventRounds "9"]
[EventCountry "ESP"]
[Source "lmi"]
[SourceDate "2016.09.25"]

1. c4 e5 2. Nc3 Nf6 3. g3 d5 4. cxd5 Nxd5 5. Bg2 Nb6 6. Nf3 Nc6 7. O-O Be7 8.
b3 O-O 9. Bb2 f6 10. e3 Be6 11. Re1 Qc8 12. d4 Rd8 13. Qd2 Bf7 14. Rad1 a5 15.
Qc2 Nb4 16. Qb1 exd4 17. exd4 Bf8 18. Nh4 c6 19. Nf5 Bg6 20. Be4 Re8 21. Ne7+
Rxe7 22. Bxg6 hxg6 23. Qxg6 Qe8 24. Qg4 Rxe1+ 25. Rxe1 Qxe1+ 26. Kg2 Re8 27.
Qf5 N6d5 28. Nb1 Qe4+ 29. Qxe4 Rxe4 30. Nd2 Re2 31. Bc1 Nc3 32. Nf3 Nbxa2 33.
Bf4 Ne4 34. Be3 0-1